Least Populated Countries - Statistics

General Stats
  • This quiz has been taken 89 times
    62 since last reset
  • The average score is 14 of 20
Answer Stats
Population Countries % Correct
800 Vatican City
96%
35, 352 Monaco
90%
76, 246 Andorra
84%
32, 538 San Marino
82%
55, 548 Marshall Islands
80%
51, 970 St. Kitts and Nevis
80%
20, 770 Palau
78%
166, 526 St. Lucia
78%
9, 945 Nauru
76%
101, 823 Micronesia
73%
100, 892 St. Vincent and the Grenadines
73%
86, 295 Antigua and Barbuda
71%
11, 264 Tuvalu
71%
103, 036 Tonga
69%
104, 573 Kiribati
67%
90, 945 Seychelles
65%
103, 328 Grenada
61%
187, 356 Sao Tome and Principe
59%
71, 293 Dominica
55%
36, 842 Liechtenstein
2%
No matching quizzes found
Score Distribution
Percent of People with Each Score
Percentile by Number Answered
Your Score History
You have not taken this quiz since the last reset